Khởi nghiệp và phát triển doanh nghiệp = Starting and growing your business /

Αποθηκεύτηκε σε:
Λεπτομέρειες βιβλιογραφικής εγγραφής
Κύριος συγγραφέας: Dunung, Sanjyot P
Μορφή: Βιβλίο
Γλώσσα:Vietnamese
Έκδοση: TP Hồ Chí Minh 2008
Ετικέτες: Προσθήκη ετικέτας
Δεν υπάρχουν, Καταχωρήστε ετικέτα πρώτοι!
Thư viện lưu trữ: Mạng thư viện Đại học Đà Nẵng
LEADER 00711nam a2200265 4500
001 000027301
003 DU-SQ
005 20150403120000.0
008 150403s vm 000 vie
020 |c 0,0000 
040 |a notts 
100 |a Dunung, Sanjyot P 
245 |a Khởi nghiệp và phát triển doanh nghiệp = Starting and growing your business /  |c Sanjyot P. Dunung ; Nguyễn Hoàng Bảo dịch. 
260 |b TP Hồ Chí Minh  |c 2008 
OWN |a LTT 
999 |a From the UDN01 
TYP |a Monograph 
TYP |a Printed language 
980 |a Mạng thư viện Đại học Đà Nẵng